How to draw and paint still life

Bibliographic Details
Other Authors: Smith, Stan
Format: Book
Published: London : New Burlington Books , 1988
Subjects:

MARC

LEADER 00000cam a2200000 7i4500
001 0000009861
002 000010739
005 20000330.0
020 |a 0906286891 
090 0 0 |a 758.4   |b HOW 
245 0 0 |a How to draw and paint still life   |c consultant editor Stan Smith 
260 |a London :   |b New Burlington Books ,   |c 1988 
300 |a 59p. :   |b ill. ;   |c 29cm. 
650 0 0 |a Painting 
700 1 |a Smith, Stan 
999 |a 015624   |b BUKU   |c PINJAMAN   |e PERPUSTAKAAN KOMUNITI PETALING JAYA